000 00795nam a2200193Ii 4500
003 JO-AjNU
008 230605s9999||||xx |||||||||||||| ||und||
040 _aJO-AjNU
_bara
_erda
_cJO-AjNU
041 _aara
050 1 4 _aHM263 .M83 1991
100 3 _aتأليف حسن، محمد حربي / م.مشارك: محمد عبد حسين ، حسين ذنون البياتي,
_eauthor
_936547
245 0 0 _aالعلاقات العامة المفاهيم والتطبيقات
264 3 1 _aالموصل: دار الحكمة للطباعة والنشر، 1991
300 _a200ص
_bيحتوي على ببلوغرافية من 197-200ص
336 _atext
_btxt
_2rdacontent
337 _aunmediated
_bn
_2rdamedia
338 _avolume
_bnc
_2rdacarrier
650 4 _aالعلاقات العامة
_936548
999 _aA15194
_c18762
_d18762